LEADER 01174nam a2200289 u 4500 001 000000057099 003 CaOOAMICUS 005 20070226120539.0 008 010427s1976 ph u000 u eng u 035 $a10886713 040 $aPUL(R)$bita 100 1 $aElesterio, Fernando G.$0(OLS)http://pul/name/39959 245 14$aThe iglesia ni Kristo :$bits christology and ecclesiology /$cby Fernando G. Elesterio. 260 $aManila :$bLoyola School of Theology,$cc1976. 300 $a217 p. ;$c23 cm 490 1 $aCardinal Bea Studies ;$v5 504 $aBibliografia: p. [199]-217. 650 4$aCristologia.$0(OLS)http://pul/subject/1402 830 0$aCardinal Bea Studies ;$v5.$0(OLS)http://pul/title/76422 850 $aPUL 852 $aPUL$W1$xSL Religione 1$y3$m62 E 30$j74765$nBK-PRI$b $qStampati$B74765$CPULBib$Z2$F74765 $H $81 941 1 $a8 960 $aIesus Christus$91402 960 $aIesus Christus$91402 961 $aINV: 61397 996 $6245$aThe iglesia ni Kristo :$bits christology and ecclesiology$9(OLS)http://pul/title/76421 996 $6260$aManila :$bLoyola School of Theology$9(OLS)http://pul/publisher/69374 LEADER 01703nam a2200361 u 4500 001 000000026037 003 CaOOAMICUS 005 20070226111530.0 008 951111s1991 fr u000 u fre u 020 $a2204042447 035 $a10670139 040 $aPUL$bita 041 1 $afre$alat 100 0 $aDhuoda,$dattiva secolo 9.$0(OLS)http://pul/name/15567 240 10$aLiber manualis$9(Dhuoda, sec. IX).$lFrancese e latino.$0(OLS)http://pul/title/24734 245 10$aManuel pour mon fils /$cDhouda / introduction, texte critique, notes par Pierre Riché ; traduction par Bernard de Vregille et Claude Mondésert. 260 $aParis :$bLes Éditions du Cerf,$c1975. 300 $a400 P. ;$c20 cm 490 1 $aSources chrétiennes ;$vno. 225 bis 500 $aComprende indici. 504 $aBibliografia: p. [60]-62 e 390-391. 650 0$aConduct of life$xEarly works to 1900.$2//eng$0(OLS)http://pul/subject/12152 700 1 $aMondésert, Claude,$cS.I.,$d1906-1990.$0(OLS)http://pul/name/11945 700 1 $aVregille, Bernard de,$cS.I.$0(OLS)http://pul/name/10430 700 1 $aRiché, Pierre,$d1921-$0(OLS)http://pul/name/9114 830 0$aSources chrétiennes ;$vno. 225 bis.$0(OLS)http://pul/title/45 850 $aPUL 852 $aPUL$W1$xSL Religione 2$y84$mTheol E3 225bis$j36413$nBK-PRI$b $qStampati altre collocazioni$B36413$CPULBib$Z2$F36413 $HPUL102080 $81 941 1 $a10 961 $aINV: Ristampa della seconda edizione del 1991. 996 $6020$a2204042447$9(OLS)http://pul/number/32405 996 $6245$aManuel pour mon fils$9(OLS)http://pul/title/24735 996 $6260$aParis :$bLes Éditions du Cerf$9(OLS)http://pul/publisher/47861